000
00347nam a22001577a 4500
005
20160625123208.0
008
160625b xxu||||| |||| 00| 0 eng d
020
_a
0-19-806834-4
041
_a
eng
082
_b
10079
245
_a
Economic Survey 2009-10
260
_b
Oxford
_c
2010
300
_a
294
650
_a
Management
_9
241
942
_c
BK
999
_c
4016
_d
4015